| 000 | 00636nam a2200193 a 4500 | ||
|---|---|---|---|
| 001 | 000049010 | ||
| 005 | 20260129125203.0 | ||
| 008 | 190715s2007 000 spa d | ||
| 040 |
_aDO-SdBNP _bspa _cBNPHU |
||
| 082 |
_a344.729302 _bR426r |
||
| 110 | 1 |
_aRepública Dominicana _9447 |
|
| 240 | 1 | 0 | _a[Reglamentos, etc.] |
| 245 | 1 | 0 | _aReglamento de seguridad y salud en el trabajo. |
| 260 |
_aSanto Domingo : _bSecretaría de Estado de Trabajo, _c2007. |
||
| 300 |
_a129 p. ; _c21 cm. |
||
| 590 | _aInventariado, 2019/BT | ||
| 650 | 4 |
_aSeguridad social _xLegislación _zRepública Dominicana _914351 |
|
| 650 | 0 |
_aLegislación social _91149 |
|
| 999 |
_c48498 _d48498 |
||